000 00521nam a22001937a 4500
003 LC
005 20160415110628.0
008 130624t xxu||||| |||| 00| 0 eng d
020 _a8970870334
050 _aPL 991.96
_b.Y95 1980
082 _aIB 951.98
_bY7 1980
245 _aHaneul gwa baram gwa buul gwa si :
_bsky and wind and star and poem /
_cYoon Dong Joo.
260 _aMi Lae Sa :
_bSn,
_cc1980.
300 _a148 p. ;
_c21 cm.
562 _e2
942 _2lcc
_cBK
999 _c3039
_d3039